<?xml version="1.0" encoding="UTF-8"?>
<collection xmlns="http://www.loc.gov/MARC21/slim">
 <record>
  <leader>01327nam a2200277 a 4500</leader>
  <controlfield tag="001">1/54217</controlfield>
  <controlfield tag="008">211026s1996    enk           000 | eng d</controlfield>
  <datafield tag="040" ind1=" " ind2=" ">
   <subfield code="a">GR-PeUP</subfield>
  </datafield>
  <datafield tag="082" ind1="0" ind2="0">
   <subfield code="a">796.4809 MIN</subfield>
  </datafield>
  <datafield tag="245" ind1="0" ind2="0">
   <subfield code="a">Mind and body : </subfield>
   <subfield code="b">the revival of the Olympic idea 19th-20th century /</subfield>
   <subfield code="c">Greek Ministry of Culture, Hellenic Literary and Historical Archives Society ; editor of the catalogue Elsi Spathari. </subfield>
  </datafield>
  <datafield tag="250" ind1=" " ind2=" ">
   <subfield code="a">2nd ed.</subfield>
  </datafield>
  <datafield tag="260" ind1=" " ind2=" ">
   <subfield code="a">[Athens] :</subfield>
   <subfield code="b">Ministry of Culture, </subfield>
   <subfield code="c">[1996].</subfield>
  </datafield>
  <datafield tag="300" ind1=" " ind2=" ">
   <subfield code="a">199 σ. : </subfield>
   <subfield code="b">έγχρ. εικ. ;</subfield>
   <subfield code="c">30 εκ.</subfield>
  </datafield>
  <datafield tag="500" ind1=" " ind2=" ">
   <subfield code="a">&quot;Catalog of exhibition held at Zappeion Hall, Athens, 25 March - 8 April 1996 and Science and Technology Museum of Atlanta, 15 June - 10 September 1996&quot;.</subfield>
  </datafield>
  <datafield tag="650" ind1=" " ind2="0">
   <subfield code="a">Olympic games</subfield>
   <subfield code="z">History.</subfield>
  </datafield>
  <datafield tag="650" ind1=" " ind2="0">
   <subfield code="a">Sports in art.</subfield>
  </datafield>
  <datafield tag="650" ind1=" " ind2="4">
   <subfield code="a">Ολυμπιακοί αγώνες</subfield>
   <subfield code="x">Ιστορία.</subfield>
  </datafield>
  <datafield tag="650" ind1=" " ind2="0">
   <subfield code="a">Art, Greek</subfield>
   <subfield code="y">19th century.</subfield>
  </datafield>
  <datafield tag="650" ind1=" " ind2="0">
   <subfield code="a">Art, Greek</subfield>
   <subfield code="y">20th century.</subfield>
  </datafield>
  <datafield tag="650" ind1=" " ind2="4">
   <subfield code="a">Αθλητισμός στην τέχνη.</subfield>
  </datafield>
  <datafield tag="650" ind1=" " ind2="4">
   <subfield code="a">Τέχνη, Ελληνική.</subfield>
  </datafield>
  <datafield tag="700" ind1="1" ind2=" ">
   <subfield code="a">Σπαθάρη, Έλση.</subfield>
  </datafield>
  <datafield tag="710" ind1="2" ind2=" ">
   <subfield code="a">Ελλάδα. Υπουργείο Πολιτισμού.</subfield>
  </datafield>
  <datafield tag="710" ind1="2" ind2=" ">
   <subfield code="a">Hellenic Literary and Historical Archives Society.</subfield>
  </datafield>
  <datafield tag="852" ind1=" " ind2=" ">
   <subfield code="a">INST</subfield>
   <subfield code="b">UNIPILB</subfield>
   <subfield code="c">MAIN</subfield>
   <subfield code="e">20211026</subfield>
   <subfield code="h">796.4809 MIN</subfield>
   <subfield code="p">00185690</subfield>
   <subfield code="q">00185690</subfield>
   <subfield code="t">LOAN</subfield>
   <subfield code="y">0</subfield>
   <subfield code="4">1</subfield>
  </datafield>
  <datafield tag="960" ind1=" " ind2=" ">
   <subfield code="a">ΑΛΜΠΑΝΗ ΤΑΝΙΑ</subfield>
  </datafield>
 </record>
</collection>
